[Event "World ol U16"]
[Site "Corum"]
[Date "2019.11.05"]
[Round "9.19"]
[White "Chan, Yi Meng Ryan"]
[Black "Tantipura, Noppakorn"]
[Result "1-0"]
[WhiteElo "2130"]
[BlackElo "1851"]
[PlyCount "77"]
[EventDate "2019.10.29"]
[EventType "team-swiss"]
[EventRounds "9"]
[EventCountry "TUR"]
[SourceTitle "CBM 192 Extra"]
[Source "Chessbase"]
[SourceDate "2019.11.06"]
[SourceVersion "1"]
[SourceVersionDate "2019.11.06"]
[SourceQuality "1"]
[WhiteTeam "Malaysia"]
[BlackTeam "Thailand"]
[WhiteTeamCountry "MAS"]
[BlackTeamCountry "THA"]

1. d4 Nf6 2. c4 g6 3. Nc3 Bg7 4. e4 d6 5. Be2 0-0 6. Be3 e5 7. d5 a5 8. g4 Na6 9. g5 Ne8 10. h4 f5 11. gxf6 Nxf6 12. h5 Nc5 13. hxg6 hxg6 14. Bf3 c6 15. Qd2 cxd5 16. cxd5 Rb8 17. Bh6 Qe7 18. Qg5 Qf7 19. Bxg7 Qxg7 20. 0-0-0 b5 21. Rh4 b4 22. Nce2 Ba6 23. Qe3 Rfc8 24. Kb1 b3 25. a3 Na4 26. Nc3 Nxc3+ 27. bxc3 b2 28. Be2 Bc4 29. Qh3 Bb3 30. Qe6+ Kf8 31. Qxd6+ Kf7 32. Re1 Qf8 33. Qxf8+ Kxf8 34. Rh8+ Ng8 35. Rh3 Nf6 36. Ba6 Nxe4 37. Rh8+ Ke7 38. Rxc8 Ba2+ 39. Kxa2 1-0

[Event "World ol U16"]
[Site "Corum"]
[Date "2019.11.01"]
[Round "5.17"]
[White "Kenbeilov, Timur"]
[Black "Chan, Yi Meng Ryan"]
[Result "1-0"]
[WhiteElo "1844"]
[BlackElo "2130"]
[PlyCount "127"]
[EventDate "2019.10.29"]
[EventType "team-swiss"]
[EventRounds "9"]
[EventCountry "TUR"]
[SourceTitle "CBM 192 Extra"]
[Source "Chessbase"]
[SourceDate "2019.11.06"]
[SourceVersion "1"]
[SourceVersionDate "2019.11.06"]
[SourceQuality "1"]
[WhiteTeam "Kazakhstan Karaganda"]
[BlackTeam "Malaysia"]
[WhiteTeamCountry "KAZ"]
[BlackTeamCountry "MAS"]

1. d4 d5 2. c4 e6 3. g3 Nf6 4. Bg2 Bb4+ 5. Nd2 0-0 6. Ngf3 Nbd7 7. 0-0 c6 8. Qc2 b6 9. e4 dxe4 10. Nxe4 Bb7 11. Rd1 Qc8 12. Bf4 Nxe4 13. Qxe4 c5 14. d5 Nf6 15. Qc2 exd5 16. cxd5 Bxd5 17. Rxd5 Nxd5 18. Ng5 Nf6 19. Bxa8 Qxa8 20. a3 Ba5 21. Be5 h6 22. Bxf6 hxg5 23. Bxg5 Qd5 24. Be7 Re8 25. Rd1 Qe6 26. Bg5 c4 27. Be3 a6 28. Qa4 Rc8 29. h4 Qe4 30. b4 c3 31. Qd7 Qc4 32. bxa5 c2 33. Rc1 bxa5 34. Qd4 Qb3 35. Qg4 Rc4 36. Bd4 f6 37. Qe6+ Kh7 38. Be3 Qb5 39. h5 Rc6 40. Qd7 Rc3 41. Qg4 Qd3 42. Qg6+ Qxg6 43. hxg6+ Kxg6 44. a4 Kf5 45. Kf1 Kg4 46. Ke2 Rc4 47. Kd3 Rxa4 48. Rxc2 Kf5 49. Rc5+ Kg6 50. Rc6 Rb4 51. Rxa6 a4 52. Kc3 Re4 53. Bd4 Re8 54. Rxa4 Re6 55. Kd3 Kh6 56. Be3+ g5 57. Rb4 Kg6 58. Rb6 Re8 59. Bd4 Rf8 60. Ke4 Rf7 61. g4 Re7+ 62. Kd5 Rd7+ 63. Rd6 Rf7 64. Rxf6+ 1-0

[Event "World ol U16"]
[Site "Corum"]
[Date "2019.10.30"]
[Round "2.12"]
[White "Chan, Yi Meng Ryan"]
[Black "Alexakis, Dimitris"]
[Result "0-1"]
[WhiteElo "2130"]
[BlackElo "2459"]
[PlyCount "68"]
[EventDate "2019.10.29"]
[EventType "team-swiss"]
[EventRounds "9"]
[EventCountry "TUR"]
[SourceTitle "CBM 192 Extra"]
[Source "Chessbase"]
[SourceDate "2019.11.06"]
[SourceVersion "1"]
[SourceVersionDate "2019.11.06"]
[SourceQuality "1"]
[WhiteTeam "Malaysia"]
[BlackTeam "Greece"]
[WhiteTeamCountry "MAS"]
[BlackTeamCountry "GRE"]

1. d4 Nf6 2. c4 e6 3. Nf3 c5 4. d5 b5 5. dxe6 fxe6 6. cxb5 a6 7. bxa6 Bxa6 8. Bf4 Nc6 9. e3 Bxf1 10. Kxf1 d5 11. Ne5 Nxe5 12. Bxe5 Bd6 13. Bxd6 Qxd6 14. g3 0-0 15. Kg2 d4 16. exd4 Qc6+ 17. Kg1 Ne4 18. f3 Ng5 19. d5 Qb7 20. Nd2 Qxb2 21. h4 Nxf3+ 22. Nxf3 Rxf3 23. Qxf3 Qxa1+ 24. Kh2 Qxa2+ 25. Kh3 Qxd5 26. Rf1 Qxf3 27. Rxf3 Rc8 28. Kg4 c4 29. Rc3 Kf7 30. Kf4 Ke7 31. Ke5 Rc5+ 32. Kd4 Kd6 33. g4 Rd5+ 34. Ke4 Kc5 0-1

[Event "World ol U16"]
[Site "Corum"]
[Date "2019.10.29"]
[Round "1.7"]
[White "Gharibyan, Mamikon"]
[Black "Chan, Yi Meng Ryan"]
[Result "1/2-1/2"]
[WhiteElo "2388"]
[BlackElo "2130"]
[PlyCount "102"]
[EventDate "2019.10.29"]
[EventType "team-swiss"]
[EventRounds "9"]
[EventCountry "TUR"]
[SourceTitle "CBM 192 Extra"]
[Source "Chessbase"]
[SourceDate "2019.11.06"]
[SourceVersion "1"]
[SourceVersionDate "2019.11.06"]
[SourceQuality "1"]
[WhiteTeam "Armenia"]
[BlackTeam "Malaysia"]
[WhiteTeamCountry "ARM"]
[BlackTeamCountry "MAS"]

1. d4 d5 2. c4 e6 3. Nc3 Be7 4. Nf3 Nf6 5. Bg5 Nbd7 6. Rc1 a6 7. c5 c6 8. e3 h6 9. Bh4 0-0 10. Bd3 Re8 11. h3 e5 12. dxe5 Nh7 13. Bxe7 Qxe7 14. 0-0 Nxe5 15. Nxe5 Qxe5 16. e4 Nf6 17. exd5 Nxd5 18. Nxd5 Qxd5 19. Bc4 Qg5 20. Qb3 Re7 21. Rfe1 Bf5 22. Rcd1 Bg6 23. Rxe7 Qxe7 24. Rd6 Kh7 25. Qe3 Qf8 26. Rd7 Re8 27. Qg3 Qxc5 28. Bxf7 Bxf7 29. Rxf7 Qc1+ 30. Kh2 Qxb2 31. Qd3+ Kg8 32. Qd7 Rf8 33. Re7 c5 34. Qd5+ Kh8 35. Qxb7 Qxb7 36. Rxb7 Rxf2 37. Rc7 Rxa2 38. Rxc5 Ra3 39. Rc8+ Kh7 40. Rc6 Kg8 41. Rc7 a5 42. Ra7 a4 43. Kg1 Ra1+ 44. Kh2 a3 45. Kg3 a2 46. Kh2 Kf8 47. Ra8+ Ke7 48. Ra7+ Kd6 49. Ra6+ Kc5 50. Ra8 Kb6 51. Ra3 Kb5 1/2-1/2

[Event "Budapest FS07 Nadassy"]
[Site "Budapest"]
[Date "2019.07.13"]
[Round "7"]
[White "Farago, Sandor"]
[Black "Chan, Yi Meng Ryan"]
[Result "1-0"]
[WhiteElo "2210"]
[BlackElo "2082"]
[PlyCount "120"]
[EventDate "2019.07.06"]
[EventType "team-tourn"]
[EventRounds "10"]
[EventCountry "HUN"]
[SourceTitle "EXT 2020"]
[Source "ChessBase"]
[SourceDate "2019.10.17"]
[SourceVersion "1"]
[SourceVersionDate "2019.10.17"]
[SourceQuality "1"]
[WhiteTeam "Higher Row"]
[BlackTeam "Lower Row"]
[WhiteTeamCountry "HUN"]
[BlackTeamCountry "HUN"]

1. e4 e5 2. Nf3 Nc6 3. Bb5 a6 4. Ba4 Nf6 5. d3 b5 6. Bb3 Bc5 7. Nc3 h6 8. a4 Rb8 9. axb5 axb5 10. 0-0 0-0 11. Nd5 d6 12. c3 Nxd5 13. Bxd5 Ne7 14. Bb3 Bb6 15. Nh4 d5 16. Qh5 Qd6 17. exd5 Nxd5 18. d4 Be6 19. dxe5 Qd7 20. h3 Nf4 21. Bxe6 fxe6 22. Bxf4 Rxf4 23. g3 Rf7 24. Rad1 Qc6 25. Ng6 Re8 26. Qg4 Kh7 27. Nf4 Qe4 28. Rde1 Qf5 29. Qxf5+ Rxf5 30. Kg2 c5 31. Re2 c4 32. h4 g5 33. hxg5 hxg5 34. Rh1+ Kg7 35. Nh5+ Kg6 36. g4 Rf7 37. Nf6 Rd8 38. Rh5 Rd1 39. Ne4 Bd8 40. Rd2 Rxd2 41. Nxd2 Ra7 42. Rh8 Bc7 43. Rg8+ Kf7 44. Rxg5 Ra2 45. Rh5 Kg7 46. Ne4 Rxb2 47. Nc5 Ba5 48. Nxe6+ Kf7 49. Ng5+ Kg6 50. Ne4 b4 51. e6 Bd8 52. Rd5 Bf6 53. cxb4 Rxb4 54. f4 Rb2+ 55. Kf3 c3 56. f5+ Kh6 57. Nxf6 c2 58. Rc5 c1Q 59. Rxc1 Rf2+ 60. Kxf2 Kg7 1-0

[Event "Ho Chi Minh City HD Bank op 9th"]
[Site "Ho Chi Minh City"]
[Date "2019.03.10"]
[Round "5"]
[White "Chan, Yi Meng Ryan"]
[Black "Tran, Le Dan Thuy"]
[Result "1-0"]
[WhiteElo "2060"]
[BlackElo "2046"]
[PlyCount "95"]
[EventDate "2019.03.07"]
[EventType "swiss"]
[EventRounds "9"]
[EventCountry "VIE"]
[SourceTitle "CBM 189 Extra"]
[Source "ChessBase"]
[SourceDate "2019.06.03"]
[SourceVersion "1"]
[SourceVersionDate "2019.06.03"]
[SourceQuality "1"]

1. d4 d5 2. c4 c6 3. Nf3 Nf6 4. g3 Bf5 5. Nc3 e6 6. Nh4 Bg6 7. Nxg6 hxg6 8. Qd3 Bb4 9. Bg2 Nbd7 10. Bd2 Qe7 11. 0-0 0-0 12. a3 Bd6 13. e4 dxe4 14. Nxe4 Nxe4 15. Qxe4 e5 16. Rfe1 f5 17. Qc2 Qf7 18. c5 Bc7 19. Bg5 Rfe8 20. Bf1 Nf6 21. Bc4 Nd5 22. Qb3 b6 23. cxb6 axb6 24. dxe5 Bxe5 25. Re2 Bf6 26. Rd2 Bxg5 27. Rxd5 Kh7 28. Rb5 Qa7 29. Rxb6 Reb8 30. Rxb8 Rxb8 31. Qc2 Bf6 32. Ra2 Bd4 33. b4 Re8 34. Qd3 Re1+ 35. Kg2 c5 36. Bd5 Re5 37. Qf3 Qa6 38. Rc2 Qd6 39. Bc4 g5 40. Qa8 Re7 41. Qc8 Kg6 42. g4 fxg4 43. Qxg4 Be5 44. bxc5 Qc6+ 45. f3 Bf4 46. Bd3+ Kf7 47. Be4 Rxe4 48. Qf5+ 1-0

[Event "Ho Chi Minh City HD Bank op 9th"]
[Site "Ho Chi Minh City"]
[Date "2019.03.09"]
[Round "4"]
[White "Chan, Yi Meng Ryan"]
[Black "Nguyen, Quoc Hy"]
[Result "0-1"]
[WhiteElo "2060"]
[BlackElo "2141"]
[PlyCount "28"]
[EventDate "2019.03.07"]
[EventType "swiss"]
[EventRounds "9"]
[EventCountry "VIE"]
[SourceTitle "CBM 189 Extra"]
[Source "ChessBase"]
[SourceDate "2019.06.03"]
[SourceVersion "1"]
[SourceVersionDate "2019.06.03"]
[SourceQuality "1"]

1. d4 d5 2. c4 dxc4 3. Nf3 c5 4. Qa4+ Bd7 5. Qxc4 cxd4 6. Nxd4 e5 7. Nf3 Nc6 8. Nc3 Rc8 9. e4 Nf6 10. Bg5 Nd4 11. Qd3 Qb6 12. Nxe5 Qxb2 13. Rc1 Rxc3 14. Rxc3 Bb4 0-1

[Event "Penang op-A 9th"]
[Site "Penang"]
[Date "2017.12.08"]
[Round "7"]
[White "Ashwin, Hariharan"]
[Black "Chan, Yi Meng Ryan"]
[Result "0-1"]
[WhiteElo "1626"]
[BlackElo "1859"]
[PlyCount "64"]
[EventDate "2017.12.04"]
[EventType "swiss"]
[EventRounds "9"]
[EventCountry "MAS"]
[SourceTitle "CBM 182 Extra"]
[Source "ChessBase"]
[SourceDate "2018.02.23"]
[SourceVersion "1"]
[SourceVersionDate "2018.02.23"]
[SourceQuality "1"]

1. e4 e6 2. d4 d5 3. e5 c5 4. c3 Nc6 5. Nf3 Qb6 6. a3 Nh6 7. b4 cxd4 8. cxd4 Nf5 9. Be3 Be7 10. Bd3 f6 11. 0-0 Nxe3 12. fxe3 0-0 13. Qc2 f5 14. Nc3 Bd7 15. Na4 Qd8 16. Nc5 Rb8 17. Rfc1 Bc8 18. Rab1 Kh8 19. Bb5 g5 20. Qa4 g4 21. Ne1 Bg5 22. Nc2 Qb6 23. g3 a6 24. Bxc6 bxc6 25. Kf2 Ra8 26. Ne1 Qc7 27. Ned3 Be7 28. Nf4 Bxc5 29. Rxc5 Re8 30. Nh5 Rf8 31. Nf6 Rxf6 32. exf6 Ra7 0-1

[Event "Penang op-A 9th"]
[Site "Penang"]
[Date "2017.12.06"]
[Round "4"]
[White "Chan, Yi Meng Ryan"]
[Black "Gandhi, Anish"]
[Result "0-1"]
[WhiteElo "1859"]
[BlackElo "2128"]
[PlyCount "49"]
[EventDate "2017.12.04"]
[EventType "swiss"]
[EventRounds "9"]
[EventCountry "MAS"]
[SourceTitle "CBM 182 Extra"]
[Source "ChessBase"]
[SourceDate "2018.02.23"]
[SourceVersion "1"]
[SourceVersionDate "2018.02.23"]
[SourceQuality "1"]

1. d4 Nf6 2. c4 g6 3. Nc3 d5 4. cxd5 Nxd5 5. Bd2 Nb6 6. Nf3 Bg7 7. Qc1 Nc6 8. Bh6 0-0 9. h4 Nxd4 10. Bxg7 Nxf3+ 11. gxf3 Kxg7 12. h5 Rh8 13. e4 e5 14. f4 f6 15. fxe5 fxe5 16. hxg6 hxg6 17. Rxh8 Qxh8 18. Qg5 Kf7 19. Nb5 Bd7 20. Nxc7 Rc8 21. Nd5 Nxd5 22. exd5 Qh1 23. d6 Bh3 24. Kd2 Qd5+ 25. Ke1 0-1

[Event "Penang op 8th"]
[Site "Penang"]
[Date "2016.12.10"]
[Round "9"]
[White "Chan, Yi Meng Ryan"]
[Black "Wika, Hardiyanto"]
[Result "1-0"]
[WhiteElo "1972"]
[BlackElo "2071"]
[PlyCount "105"]
[EventDate "2016.12.05"]
[EventType "swiss"]
[EventRounds "9"]
[EventCountry "MAS"]
[SourceTitle "CBM 176 Extra"]
[Source "ChessBase"]
[SourceDate "2017.03.02"]
[SourceVersion "1"]
[SourceVersionDate "2017.03.02"]
[SourceQuality "1"]

1. d4 c6 2. c4 d5 3. Nf3 Nf6 4. e3 e6 5. b3 Be7 6. Bb2 0-0 7. Bd3 Nbd7 8. Nc3 Re8 9. Qc2 a6 10. Ne5 Qc7 11. f4 h6 12. 0-0 b6 13. Rfd1 Bf8 14. Kh1 Rd8 15. h3 Bb7 16. cxd5 cxd5 17. Rac1 Qd6 18. g4 Rac8 19. Qg2 Ne4 20. Nxe4 dxe4 21. Bxe4 Bxe4 22. Qxe4 Nf6 23. Qf3 Qd5 24. Kg2 Ne4 25. Nd3 f5 26. Nf2 Nf6 27. Qxd5 Nxd5 28. Kf3 Bb4 29. Rxc8 Rxc8 30. Rc1 Rxc1 31. Bxc1 Kf7 32. Nd3 Bc3 33. Ke2 Kf6 34. Ne5 g5 35. fxg5+ hxg5 36. Kd3 Be1 37. Bd2 Bg3 38. Nf3 Kg6 39. Ng1 Nf6 40. Ne2 Bf2 41. gxf5+ exf5 42. Nc3 g4 43. hxg4 fxg4 44. Ne2 Kf5 45. Nc3 g3 46. Ke2 Kg4 47. d5 Kh3 48. d6 g2 49. Kxf2 Ng4+ 50. Kg1 Nh2 51. Ne2 Nf3+ 52. Kf2 Nxd2 53. d7 1-0

[Event "Asia-chT Cup U14"]
[Site "Jiaxing"]
[Date "2016.11.07"]
[Round "3.2"]
[White "Chan, Yi Meng Ryan"]
[Black "Poormosavi, Seyed Kian"]
[Result "1-0"]
[WhiteElo "1964"]
[BlackElo "2016"]
[PlyCount "99"]
[EventDate "2016.11.06"]
[EventType "swiss"]
[EventRounds "9"]
[EventCountry "CHN"]
[SourceTitle "EXT 2021"]
[Source "ChessBase"]
[SourceDate "2020.10.23"]
[SourceVersion "1"]
[SourceVersionDate "2020.10.23"]
[SourceQuality "1"]

1. d4 Nf6 2. c4 e6 3. Nc3 Bb4 4. e3 0-0 5. Nge2 Re8 6. a3 Bf8 7. d5 e5 8. Ng3 d6 9. Be2 a5 10. 0-0 Nbd7 11. Rb1 g6 12. e4 Bg7 13. b4 b6 14. Be3 Qe7 15. Nb5 Nf8 16. c5 bxc5 17. bxc5 h5 18. f3 Ba6 19. cxd6 cxd6 20. Qd2 Reb8 21. Rfc1 Ne8 22. a4 Qd8 23. Na7 Rxb1 24. Rxb1 Bxe2 25. Nxe2 Bh6 26. Nc6 Bxe3+ 27. Qxe3 Qc7 28. Nc3 Qd7 29. Qb6 Qc7 30. Qxc7 Nxc7 31. Rb7 Na6 32. Rb5 Nb4 33. Rxa5 Rxa5 34. Nxa5 Nd7 35. Nc4 Kf8 36. Nxd6 Ke7 37. Nc4 f6 38. Kf2 Nc5 39. a5 g5 40. Nb5 Nba6 41. Ke3 h4 42. g3 hxg3 43. hxg3 Nb4 44. Nba3 Nb3 45. f4 exf4+ 46. gxf4 g4 47. Nb5 Nc5 48. Nd4 Kd7 49. Nb6+ Kc7 50. Ne6+ 1-0

[Event "Penang op 7th"]
[Site "Penang"]
[Date "2015.12.12"]
[Round "9"]
[White "Chan, Yi Meng Ryan"]
[Black "Chuah, Hao Feng"]
[Result "1/2-1/2"]
[WhiteElo "1959"]
[BlackElo "1827"]
[PlyCount "65"]
[EventDate "2015.12.07"]
[EventType "swiss"]
[EventRounds "9"]
[EventCountry "MAS"]
[SourceTitle "CBM 169 Extra"]
[Source "ChessBase"]
[SourceDate "2015.12.18"]
[SourceVersion "1"]
[SourceVersionDate "2015.12.18"]
[SourceQuality "1"]

1. d4 d5 2. c4 e6 3. Nc3 Nf6 4. cxd5 exd5 5. Bg5 Be7 6. e3 0-0 7. Bd3 c6 8. Qc2 Nbd7 9. Nge2 Re8 10. 0-0 Nf8 11. f3 Ng6 12. Rad1 h6 13. Bxf6 Bxf6 14. Bxg6 fxg6 15. e4 dxe4 16. fxe4 Kh7 17. Qd3 Qe7 18. Nf4 Qf7 19. Nce2 Be6 20. Rf3 Kg8 21. Nxe6 Qxe6 22. e5 Bg5 23. Rg3 Qf5 24. Qc4+ Qf7 25. Qd3 Qf5 26. Qc4+ Qf7 27. Qc3 Rf8 28. Rf3 Qxa2 29. Rdf1 Rxf3 30. Rxf3 Rf8 31. Rxf8+ Kxf8 32. Qb4+ Kg8 33. Nc3 1/2-1/2

[Event "Penang op 7th"]
[Site "Penang"]
[Date "2015.12.08"]
[Round "2"]
[White "Chan, Yi Meng Ryan"]
[Black "Hng, Mei En Emmanuelle"]
[Result "1-0"]
[WhiteElo "1959"]
[BlackElo "1731"]
[PlyCount "109"]
[EventDate "2015.12.07"]
[EventType "swiss"]
[EventRounds "9"]
[EventCountry "MAS"]
[SourceTitle "CBM 169 Extra"]
[Source "ChessBase"]
[SourceDate "2015.12.18"]
[SourceVersion "1"]
[SourceVersionDate "2015.12.18"]
[SourceQuality "1"]

1. d4 Nf6 2. c4 c5 3. d5 e6 4. Nc3 exd5 5. cxd5 d6 6. Nf3 g6 7. h3 Bg7 8. e4 0-0 9. Bd3 Re8 10. 0-0 Na6 11. Re1 Nc7 12. Bf4 a6 13. a4 b6 14. Nd2 Rb8 15. Nc4 Bf8 16. Qf3 b5 17. Bg5 Be7 18. Nxd6 Bxd6 19. Bxf6 Be7 20. Bxe7 Qxe7 21. axb5 Nxb5 22. Nxb5 axb5 23. Qf4 Rb6 24. Ra8 c4 25. Bf1 Rd6 26. Re3 Kg7 27. Ra7 Bd7 28. g3 g5 29. Qf3 Qe5 30. Qe2 Qd4 31. Ra1 Qe5 32. Bg2 Rh6 33. g4 Rd6 34. Qd2 Rc8 35. Qc3 f6 36. Qxe5 fxe5 37. Bf1 Rf8 38. Ra7 Rf7 39. Be2 Rdf6 40. f3 Bc8 41. Rea3 Rxa7 42. Rxa7+ Rf7 43. Ra5 Rb7 44. Kf2 Kf7 45. Ke3 Ke7 46. Ra6 Kd7 47. Re6 Kc7 48. Rxe5 h6 49. Re7+ Kd6 50. Rxb7 Bxb7 51. Kd4 Ba8 52. Bd1 Bb7 53. Bc2 b4 54. e5+ Ke7 55. Kxc4 1-0

[Event "Penang op 6th"]
[Site "Penang"]
[Date "2014.12.10"]
[Round "5"]
[White "Chan, Yi Meng Ryan"]
[Black "Chan, Marcus"]
[Result "0-1"]
[WhiteElo "1802"]
[BlackElo "2225"]
[PlyCount "93"]
[EventDate "2014.12.08"]
[EventType "swiss"]
[EventRounds "9"]
[EventCountry "MAS"]
[SourceTitle "CBM 163 Extra"]
[Source "ChessBase"]
[SourceDate "2014.12.23"]
[SourceVersion "1"]
[SourceVersionDate "2014.12.23"]
[SourceQuality "1"]

1. d4 f5 2. c4 Nf6 3. Nc3 d6 4. Nf3 g6 5. Bf4 Bg7 6. e3 0-0 7. Bd3 c6 8. 0-0 Qe8 9. b4 Nh5 10. Bg5 h6 11. Bh4 g5 12. Bg3 e5 13. dxe5 dxe5 14. Be2 f4 15. Nxe5 Nxg3 16. hxg3 Qxe5 17. Rc1 fxg3 18. fxg3 Qxe3+ 19. Kh2 Bf5 20. Na4 Na6 21. b5 Nc5 22. Nxc5 Qxc5 23. Bf3 Rad8 24. Qe2 Rfe8 25. Qf2 Qxf2 26. Rxf2 Be4 27. bxc6 Bxc6 28. Bxc6 bxc6 29. Rb1 Rd7 30. Kh3 Kh7 31. Kh2 Re3 32. Rb3 Rxb3 33. axb3 Rd3 34. Rf7 Rxb3 35. Rxa7 Rb4 36. Kg1 Rxc4 37. Rc7 Rc2 38. Kf1 Kg6 39. g4 Bd4 40. Ke1 c5 41. Rc6+ Kg7 42. Rc7+ Kf6 43. Rc6+ Ke5 44. g3 Rg2 45. Rxh6 Rxg3 46. Ke2 Rxg4 47. Rh8 0-1

[Event "ASEAN-ch U12 15th"]
[Site "Taipa"]
[Date "2014.06.05"]
[Round "2"]
[White "Chan, Yi Meng Ryan"]
[Black "Zhang, Qihao"]
[Result "1-0"]
[WhiteElo "1714"]
[BlackElo "1763"]
[PlyCount "65"]
[EventDate "2014.06.04"]
[EventType "swiss"]
[EventRounds "9"]
[EventCountry "MAC"]
[SourceTitle "CBM 160 Extra"]
[Source "ChessBase"]
[SourceDate "2014.07.01"]
[SourceVersion "1"]
[SourceVersionDate "2014.07.01"]
[SourceQuality "1"]

1. d4 d5 2. c4 e6 3. Nc3 Nf6 4. cxd5 exd5 5. Bg5 Nbd7 6. e3 Be7 7. Bd3 c6 8. Qc2 h6 9. Bh4 Nb6 10. Nge2 Be6 11. 0-0 0-0 12. f3 Rc8 13. e4 dxe4 14. fxe4 Bc4 15. b3 Bxd3 16. Qxd3 Ne8 17. Bxe7 Qxe7 18. Ng3 Qd7 19. Rad1 Rd8 20. Qf3 Qe6 21. e5 f6 22. Nce4 Nd7 23. Qf5 Qxf5 24. Nxf5 Nc7 25. Nfd6 Rb8 26. Rfe1 fxe5 27. dxe5 Nc5 28. Re3 N5e6 29. Rg3 Kh7 30. Rdd3 Nf4 31. Rxg7+ Kh8 32. Rd2 Nce6 33. Nf7+ 1-0

[Event "Penang op-A 5th"]
[Site "Penang"]
[Date "2013.12.13"]
[Round "9"]
[White "Ismail, Ahmad"]
[Black "Chan, Yi Meng Ryan"]
[Result "0-1"]
[WhiteElo "2025"]
[BlackElo "1660"]
[PlyCount "88"]
[EventDate "2013.12.09"]
[EventType "swiss"]
[EventRounds "9"]
[EventCountry "MAS"]
[SourceTitle "CBM 157 Extra"]
[Source "ChessBase"]
[SourceDate "2013.12.19"]
[SourceVersion "1"]
[SourceVersionDate "2013.12.19"]
[SourceQuality "1"]

1. Nf3 d5 2. b3 c6 3. Bb2 Nf6 4. d4 Bf5 5. e3 e6 6. Bd3 Bxd3 7. cxd3 Bd6 8. 0-0 0-0 9. Nbd2 Nbd7 10. e4 Be7 11. Qe2 Rc8 12. Rac1 Ne8 13. e5 b6 14. h3 c5 15. Nh2 g6 16. f4 Ng7 17. g4 cxd4 18. Rxc8 Qxc8 19. Rc1 Qa6 20. a4 Nc5 21. Bxd4 Qxd3 22. Qe3 Qxe3+ 23. Bxe3 Rd8 24. Nhf3 h5 25. Nd4 Rd7 26. a5 Nd3 27. Rc8+ Kh7 28. Nc6 Bc5 29. Bxc5 bxc5 30. Nf3 g5 31. Nxg5+ Kg6 32. Nd8 Nxf4 33. Ngxf7 Nxh3+ 34. Kh2 hxg4 35. Nd6 Nf4 36. Nc6 d4 37. Kg3 d3 38. Ne4 Ne2+ 39. Kxg4 d2 40. Nxd2 Rxd2 41. Nxa7 Ra2 42. Rxc5 Nd4 43. b4 Nh5 44. Kh3 Kg5 0-1